Anteater Quiz - Statistics

General Stats
  • This quiz has been taken 3 times
  • The average score is 7 of 15
Answer Stats
Hint Answer % Correct
Main source of food Termites and Ants
100%
Common Name Anteaters
67%
Closest Relatives to Anteaters Armadillos and Tree Sloths
67%
How much more pungent is the Tamandua than a skunk? Four times
67%
The largest species Giant Anteater
67%
Main predators towards Anteaters Jaguars
67%
Where are they found? South America
67%
Number of species in Xenarthrans Thirty-One
67%
Number of species in Myrmecophagidae specifically Three
67%
Majority of Anteaters are not terrestrial but... arboreal
33%
Characterized by a black vest Northern Tamandua
33%
Characterized by a variety of colors and mistaken for close relative Southern Tamandua
33%
Name of the other Genus that includes one remaining species Cyclopedidae
0%
The member of Cyclopedidae and believed to actually be 7 species Silky Anteater
0%
The nickname for the Tamandua Stinker of the Forest
0%
No matching quizzes found
Score Distribution
Percent of People with Each Score
Percentile by Number Answered
Your Score History
You have not taken this quiz